header

Fish facts & bird brains : (Record no. 266124)

MARC details
000 -LEADER
fixed length control field 01323pam a2200373 a 4500
001 - CONTROL NUMBER
control field 934441
003 - CONTROL NUMBER IDENTIFIER
control field OSt
005 - DATE AND TIME OF LATEST TRANSACTION
control field 20260402135931.0
008 - FIXED-LENGTH DATA ELEMENTS--GENERAL INFORMATION
fixed length control field 831115s1984 nyua j 000 0 eng
010 ## - LIBRARY OF CONGRESS CONTROL NUMBER
LC control number 83020805
020 ## - INTERNATIONAL STANDARD BOOK NUMBER
International Standard Book Number 0525669159
International Standard Book Number 9780525669159
035 ## - SYSTEM CONTROL NUMBER
System control number 934441
040 ## - CATALOGING SOURCE
Original cataloging agency DLC
Transcribing agency DLC
Modifying agency DLC
042 ## - AUTHENTICATION CODE
Authentication code lcac
050 00 - LIBRARY OF CONGRESS CALL NUMBER
Classification number QL785
Item number .S18 1984
082 00 - DEWEY DECIMAL CLASSIFICATION NUMBER
Classification number 591.51
Edition number 19
100 1# - MAIN ENTRY--PERSONAL NAME
Personal name Sattler, Helen Roney.
245 10 - TITLE STATEMENT
Title Fish facts & bird brains :
Remainder of title animal intelligence /
Statement of responsibility, etc Helen Roney Sattler ; illustrated by Giulio Maestro.
250 ## - EDITION STATEMENT
Edition statement 1st ed.
260 ## - PUBLICATION, DISTRIBUTION, ETC. (IMPRINT)
Place of publication, distribution, etc New York :
Name of publisher, distributor, etc Lodestar Books/Dutton,
Date of publication, distribution, etc c1984.
300 ## - PHYSICAL DESCRIPTION
Extent 127 p. :
Other physical details ill. ;
Dimensions 24 cm.
336 ## - CONTENT TYPE
Content type term text
Content type code txt
Source rdacontent
337 ## - MEDIA TYPE
Media type term unmediated
Media type code n
Source rdamedia
338 ## - CARRIER TYPE
Carrier type term volume
Carrier type code nc
Source rdacarrier
520 ## - SUMMARY, ETC.
Summary, etc Discusses the intelligence of a variety of animals and the observations and tests which have brought scientists to their conclusions. Includes tests for the reader to use with pets.
650 #0 - SUBJECT ADDED ENTRY--TOPICAL TERM
Topical term or geographic name as entry element Animal intelligence
General subdivision Juvenile literature.
Topical term or geographic name as entry element Animal intelligence.
700 1# - ADDED ENTRY--PERSONAL NAME
Personal name Maestro, Giulio,
Relator term ill.
740 0# - ADDED ENTRY--UNCONTROLLED RELATED/ANALYTICAL TITLE
Uncontrolled related/analytical title Fish facts and bird brains.
906 ## - LOCAL DATA ELEMENT F, LDF (RLIN)
a 7
b cbc
c orignew
d 1
e ocip
f 19
g y-gencatlg
942 ## - ADDED ENTRY ELEMENTS (KOHA)
Source of classification or shelving scheme Library of Congress Classification
Koha item type Long Loan Books
Holdings
Withdrawn status Lost status Source of classification or shelving scheme Damaged status Not for loan Collection code Home library Current library Shelving location Date acquired Source of acquisition Total Checkouts Full call number Barcode Date last seen Price effective from Koha item type
    Library of Congress Classification     Non-fiction Rongo University Library Rongo University Library General Stacks 02/04/2026 Books for Africa, Donation   QL785 .S18 1984 20261577 02/04/2026 02/04/2026 Long Loan Books

© 2026 Rongo University
Contact us: librarian | system librarian | Rongo university